Регионална библиотека "Любен Каравелов" - Русе

Голяма книга на българското Черноморие (Запис номер 422705)

MARC детайли
000 -Лидер
Контролно поле с фиксирана дължина 01376nam a2200349 c 4500
003 - Код на организацията, давaща контролен номер
Контролно поле BLK
005 - Дата и час на последна редакция
Контролно поле 20250707163650.0
008 - Елементи от данни с фиксирана дължина
fixed length control field 180411b bul|||||r ||||||| ||bul||
010 ## - Наследен системен номер
LC control number KNG00176107000
020 ## - Международен стандартен номер на книга ISBN
Международен стандартен номер на книга ISBN 9786192403904
040 ## - Източник на каталожния запис
Идентификатор на билиотеката - собственик на записа BLK
041 ## - Код за език
Код за езика на текст/звукозапис или на отделно заглавие Български
Код за езика КДБФ Български
072 #7 - Код за тематичната категория
Код организация bullib
Код за тематична категория Н93
Текст Краезнание - отраслова литература Н
080 ## - УДК
Текстов определител УДК Краезнание
УДК код - определител по УДК 908
УДК определител (262.5:210:497.2)(036)
УДК - код + определител 908(262.5:210:497.2)(036)
080 ## - УДК
Текстов определител УДК Българска литература
УДК код - определител по УДК 821.163.2
УДК - код + определител 821.163.2-34
100 ## - Редна дума - Автор
Автор Василева, Зорница
Авторска отговорност първи автор
R(LIN) 1299
139 ## - Редно поле
Редна дума Василева, Зорница
Авторски знак Васи - В 24
245 10 - Сведения за заглавието
Заглавие Голяма книга на българското Черноморие
Редно поле (дума) Зорница Василева, ред. Цанко Лалев
257 ## - Страна на издаване
Страна на създаване/издаване България
260 ## - Област на издателските данни
Име на издателя, разпространителя и проч. ПАН
Година на издаване 2021
9 (RLIN) 209558
Място на издаване, разпространение и проч. София
Издателство - префикс ISBN 978-954-660- ; 978-954-657-
300 ## - Физическа характеристика
Страници 224 с.
Размери/Мащаб 20 см
380 ## - Жанр
Жанр История
651 #4 - Допълнително описание по предмет - топоним
Географско понятие Черноморие
9 (RLIN) 260379
651 #4 - Допълнително описание по предмет - топоним
Географско понятие България
9 (RLIN) 241624
653 #7 - Ключова дума – ненормативна
Ключова дума митове
9 (RLIN) 191145
653 #7 - Ключова дума – ненормативна
Ключова дума легенди
9 (RLIN) 189752
700 ## - Други автори (авторска отговорност)
9 (RLIN) 1340
Лично име Дулев, Цанко Лалев
Автороска отговорност (Описва отношението между автора и произведението) ред., бел. и прил.
852 ## - Местоположение
Фондова буква Детски отдел
Систематично-азбучна сигнатура 908/В 24 З
999 ## - СИСТЕМНИ КОНТРОЛНИ НОМЕРА
Koha biblionumber 422705
Koha biblioitemnumber 422705
942 ## - АРТИКУЛИ
Вид на библиотечния материал Книги
Скрит в OPAC Не
Koha issues (borrowed), all copies 10
Периодичен библиозапис Да
944 ## - СЪЗДАВАНЕ И РЕДАКЦИЯ на ЗАПИСА
Създаване/Редакция Създаване
Дата на регистрацията/редакция 2021-07-02
Служител, извършил регистрацията/редакцията 30552
Статус, дата на статуса Виолета Тройчева
999 ## - СИСТЕМНИ КОНТРОЛНИ НОМЕРА
Koha biblioitemnumber 422705
Наличности
Код за отписване Код за изгубен артикул Източник на класификационната схема Код за повреда Коз за рестрикции Код за отдаване Артикулен № Име на библиотеката - собственик Име на библиотеката, в която се намира в момента Статус (Текущо местоположение) Дата на вписване в системата Местоположение - отдел Цена в лева Систематично азбучна сигнатура Баркод Цена в евро Служебен тип на артикула Инвентарен номер
  Не е изгубен Universal Decimal Classification Не е повреден без рестрикции заемане за дома 840675 Регионална библиотека "Любен Каравелов" Русе Регионална библиотека "Любен Каравелов" Русе Детски отдел 2021-07-02 Детски отдел 6.67 908/В 24 -З 120000857271 3.41 Книги  
  Не е изгубен Universal Decimal Classification Не е повреден без рестрикции заемане за дома 840676 Регионална библиотека "Любен Каравелов" Русе Регионална библиотека "Любен Каравелов" Русе Детски отдел 2021-07-02 Детски отдел 6.67 908/В 24 -З 120000857272 3.41 Книги  
  Не е изгубен Universal Decimal Classification Не е повреден без рестрикции заемане за дома 840677 Регионална библиотека "Любен Каравелов" Русе Регионална библиотека "Любен Каравелов" Русе Детски отдел 2021-07-02 Детски отдел 6.67 908/В 24 -З 120000857273 3.41 Книги  
  Не е изгубен Universal Decimal Classification Не е повреден без рестрикции заемане за дома 840678 Регионална библиотека "Любен Каравелов" Русе Регионална библиотека "Любен Каравелов" Русе Детски отдел 2021-07-02 Детски отдел 6.67 908/В 24 -З 120000857270 3.41 Книги  
  Не е изгубен Universal Decimal Classification Не е повреден само за читалня ползва се в читалня 928331 Регионална библиотека "Любен Каравелов" Русе Регионална библиотека "Любен Каравелов" Русе Хранилище 2023-05-11 Хранилище 8.90 Цб 317776 120000887530 4.55 Книги 120000887530
Vip Innovations Ltd, Rousse, Bulgaria 2025